Conquérantes. [Elisabeth Fry, Florence Barclay, Joséphine Butler, Catherine Booth, Emmeline Pankhurst, Katherine Mansfield, Renée de Benoit] / (Record no. 128828)

MARC details
000 -LEADER
campo de control de longitud fija 00987nam a2200265 i 4500
001 - NÚMERO DE CONTROL
campo de control 128828
003 - IDENTIFICADOR DE NÚMERO DE CONTROL
campo de control ES-MaACL
005 - FECHA Y HORA DE LA ÚLTIMA TRANSACCIÓN
campo de control 20250731202603.0
007 - CAMPO FIJO DE DESCRIPCIÓN FÍSICA--INFORMACIÓN GENERAL
campo de control de longitud fija t|
008 - DATOS DE LONGITUD FIJA--INFORMACIÓN GENERAL
campo de control de longitud fija 070528s1936 fr ||||1| fre d
100 1# - ENTRADA PRINCIPAL--NOMBRE DE PERSONA
Nombre de persona Tasset-Nissolle, Elisabeth.
9 (RLIN) 109370
245 10 - MENCIÓN DEL TÍTULO
Título Conquérantes. [Elisabeth Fry, Florence Barclay, Joséphine Butler, Catherine Booth, Emmeline Pankhurst, Katherine Mansfield, Renée de Benoit] /
Mención de responsabilidad, etc. Elisabeth Tasset-Nissolle.
260 ## - PUBLICACIÓN, DISTRIBUCIÓN, ETC.
Lugar de publicación, distribución, etc. París :
Nombre del editor, distribuidor, etc. [s.n.],
Fecha de publicación, distribución, etc. 1936 (
Fabricante Editions "Je sers")
300 ## - DESCRIPCIÓN FÍSICA
Extensión 250 p. :
Otras características físicas retr. ;
Dimensiones 19 cm.
650 07 - PUNTO DE ACCESO ADICIONAL DE MATERIA--TÉRMINO DE MATERIA
Término de materia o nombre geográfico como elemento de entrada Mujeres y religión
Fuente del encabezamiento o término embne
9 (RLIN) 15350
700 1# - ENTRADA AGREGADA--NOMBRE PERSONAL
Nombre de persona Fry, Elisabeth.
9 (RLIN) 52784
700 1# - ENTRADA AGREGADA--NOMBRE PERSONAL
Nombre de persona Barclay, Florence.
9 (RLIN) 25554
700 1# - ENTRADA AGREGADA--NOMBRE PERSONAL
Nombre de persona Butler, Josephine Elisabeth,
Fechas asociadas al nombre 1828-1906
9 (RLIN) 32946
700 1# - ENTRADA AGREGADA--NOMBRE PERSONAL
Nombre de persona Booth, Catherine.
9 (RLIN) 30329
700 1# - ENTRADA AGREGADA--NOMBRE PERSONAL
Nombre de persona Pankhurst, Emmeline.
9 (RLIN) 88798
700 1# - ENTRADA AGREGADA--NOMBRE PERSONAL
Nombre de persona Mansfield, Katherine.
9 (RLIN) 76116
700 1# - ENTRADA AGREGADA--NOMBRE PERSONAL
Nombre de persona Benoit, Renée de.
9 (RLIN) 27759
852 ## - LOCALIZACIÓN
Ubicación ES-MaACL
Número de control de estantería A-4403
Holdings
Estatus retirado Estado de pérdida Estado de daño No para préstamo Biblioteca de origen Biblioteca actual Ubicación en estantería Fecha de adquisición Fuente de adquisición Total de préstamos Signatura topográfica completa Código de barras Visto por última vez Precio de reemplazo Tipo de ítem Koha
        Biblioteca del Ateneo de Madrid Biblioteca del Ateneo de Madrid Sala Pecera Planta 1 17/01/2008     A-4403 1134162 23/02/2023 23/02/2023 Libro impreso